El Ateneo.

Bibliographic Details
Uniform Title:Ateneo (New York, N.Y.)
Other Authors: Armas, Juan Ignacio de, 1842-1889 (Editor)
Format: Journal
Language:Spanish
Language Notes:In Spanish.
Published: New York : Imprenta y Redacción del "Ateneo", [1874-1877]
Subjects:

MARC

Tag First Indicator Second Indicator Subfields
LEADER 00000cas a2200000 i 4500
001 in00003755607
005 20170926145815.0
006 m o d
007 cr bn||||||abp
007 cr bn||||||ada
008 140907d18741877nyumr poo 0 0spa c
010 |a  2016263040 
035 |a (OCoLC)ocn890110749 
035 |a (OCoLC)890110749 
037 |b Imprenta y Redacción del "Ateneo", 31 Park Row, Rooms 32 & 33, New York 
040 |a OCLCE  |b eng  |e rda  |e pn  |c OCLCE  |d OCLCO  |d OCLCQ  |d OCLCO  |d TXA  |d UtOrBLW 
042 |a dlr  |a pcc 
049 |a TXAM 
050 1 4 |a AP62  |b .A646 Electronic 
130 0 |a Ateneo (New York, N.Y.) 
245 1 3 |a El Ateneo. 
264 1 |a New York :  |b Imprenta y Redacción del "Ateneo",  |c [1874-1877] 
300 |a 1 online resource 
310 |a Monthly 
336 |a text  |b txt  |2 rdacontent 
337 |a computer  |b c  |2 rdamedia 
338 |a online resource  |b cr  |2 rdacarrier 
362 1 |a Began with: Vol. 1, No. 1 (Julio 1874); ceased with: Vol. 6, No. 31 (enero 1877)? 
500 |a "Repertorio ilustrado de arte ciencia y literatura." 
506 |3 Use copy  |f Restrictions unspecified  |2 star  |5 MiAaHDL 
533 |a Electronic reproduction.  |b [S.l.] :  |c HathiTrust Digital Library,  |d 2011.  |5 MiAaHDL 
538 |a Master and use copy. Digital master created according to Benchmark for Faithful Digital Reproductions of Monographs and Serials, Version 1. Digital Library Federation, December 2002.  |u http://purl.oclc.org/DLF/benchrepro0212  |5 MiAaHDL 
546 |a In Spanish. 
583 1 |a digitized  |c 2011  |h HathiTrust Digital Library  |l committed to preserve  |2 pda  |5 MiAaHDL 
588 |a Description based on: Vol. 1, No. 1 (Julio 1874); title from cover (hathitrust, viewed October 7, 2016). 
588 |a Latest issue consulted: Vol. 6, No. 31 (enero 1877) (hathitrust, viewed October 7, 2016). 
650 0 |a Arts  |v Periodicals.  |0 http://id.loc.gov/authorities/subjects/sh2007100726 
650 0 |a Science  |v Periodicals.  |0 http://id.loc.gov/authorities/subjects/sh85118580 
650 0 |a Literature  |v Periodicals.  |0 http://id.loc.gov/authorities/subjects/sh85077532 
650 0 |a Hispanic Americans  |v Periodicals.  |0 http://id.loc.gov/authorities/subjects/sh2008105645 
650 7 |a Arts.  |2 fast  |0 (OCoLC)fst00817721 
650 7 |a Hispanic Americans.  |2 fast  |0 (OCoLC)fst00957523 
650 7 |a Literature.  |2 fast  |0 (OCoLC)fst00999953 
650 7 |a Science.  |2 fast  |0 (OCoLC)fst01108176 
655 4 |a Literary periodicals. 
655 4 |a Science periodicals. 
655 4 |a Ethnic periodicals. 
655 7 |a Periodicals.  |2 fast  |0 (OCoLC)fst01411641 
700 1 |a Armas, Juan Ignacio de,  |d 1842-1889,  |e editor.  |0 http://id.loc.gov/authorities/names/n88002143 
752 |a United States  |b New York  |d New York. 
776 0 8 |i Print version:  |t Ateneo (New York, N.Y.)  |w (OCoLC)191227608 
994 |a C0  |b TXA 
999 f f |s 7f5383fc-fd0e-3669-bb6a-11f049f0836a  |i 5d1d31af-2c27-393c-b6e4-05b7096f9761  |t 0 
952 f f |a Texas A&M University  |b College Station  |c Electronic Resources  |d Available Online  |t 0  |e AP62 .A646  |g Electronic  |h Library of Congress classification 
998 f f |a AP62 .A646  |t 0  |l Available Online